Выстрел с монитора: повести; Выстрел с монитора; Гусм-гуси,га-га-га

Detalles Bibliográficos
Autor Principal: Крапивин В. П. Владислав Петрович
Idioma:ruso
Publicado: Москва, Детская литература, 1992
TOC:Выстрел с монитора;
Гусм-гуси,га-га-га;
Subjects:
Formato: Libro
KOHA link:https://koha.lib.tpu.ru/cgi-bin/koha/opac-detail.pl?biblionumber=262975

MARC

LEADER 00000nam0a2200000 4500
001 262975
005 20231101233712.0
010 |a 5080022264 
020 |a RU  |b 92-6500 
035 |a (RuTPU)RU\TPU\book\285959 
035 |a RU\TPU\book\88502 
090 |a 262975 
100 |a 20140605d1992 m y0rusy5003 ca 
101 0 |a rus 
102 |a RU 
105 |a a z 000ay 
200 1 |a Выстрел с монитора  |e повести   |f В. П. Крапивин 
210 |a Москва  |c Детская литература  |d 1992 
215 |a 366 с.  |c ил.  |d 21 см 
464 |t Выстрел с монитора  |o повесть 
464 |t Гусм-гуси,га-га-га  |o повесть 
610 1 |a повести 
610 1 |a приключения 
610 1 |a фантастика 
610 1 |a научная фантастика 
610 1 |a детская литература 
700 1 |a Крапивин  |b В. П.  |c российский писатель, автор книг о детях и для детей  |f 1938 -  |g Владислав Петрович  |2 stltpush  |3 (RuTPU)RU\TPU\pers\26279  |9 12052 
801 0 |a RU  |b 63413507  |c 19950417  |g psbo 
801 1 |a RU  |b 63413507  |c 20051003  |g PSBO 
801 2 |a RU  |b 63413507  |c 20140605  |g PSBO 
942 |c BK